[Event "Michigan Masters/Experts"]
[Site "Auburn Hills, MI"]
[Date "2003.04.27"]
[Round "4.1"]
[White "Davidovich, Manis"]
[Black "Finegold, Ben"]
[Result "1/2-1/2"]
[WhiteElo "2117"]
[BlackElo "2636"]
[Annotator "Ben Finegold"]
[PlyCount "127"]
[EventDate "2003.04.26"]

1. e4 d5 2. exd5 Qxd5 3. Nc3 Qd6 4. d4 Nf6 5. Nf3 Bg4 6. Be2 e6 7. O-O Nc6 8.
Bg5 Be7 9. Nb5 Qd8 10. c3 O-O 11. h3 Bf5 12. a4 Nd5 13. Bxe7 Qxe7 14. Na3 Rad8
15. Nc4 Qf6 16. Re1 Be4 17. Nfd2 Bxg2 18. Kxg2 Nf4+ 19. Kh2 e5 20. Bf1 exd4 21.
Ne4 Qh6 22. Qf3 f5 23. Nc5 g5 24. Nd3 Nh5 25. Be2 g4 26. Qg2 dxc3 27. bxc3 Kh8
28. Rad1 Rg8 29. Kh1 Qf6 30. hxg4 fxg4 31. Qh2 Rd5 32. Ne3 Rdg5 33. Qh4 Qxc3
34. Nxg4 Nf6 35. Nh6 Qb3 36. Nc5 Qa2 37. Nxg8 Qxg8 38. Bf3 Rf5 39. Ne4 Ne8 40.
Bh5 Ne5 41. Bxe8 Nf3 42. Nf6 Nxh4 43. Nxg8 Kxg8 44. Bb5 Rxf2 45. Re7 Ng6 46.
Rd8+ Nf8 47. Bc4+ Kh8 48. Rf7 Rxf7 49. Bxf7 Kg7 50. Bd5 c6 51. Be4 Ne6 52. Rd7+
Kf6 53. Rxh7 Nc5 54. Bc2 Ke5 55. Kg2 a5 56. Kf3 b5 57. Ke3 b4 58. Rh5+ Kd6 59.
Rg5 b3 60. Bb1 Nxa4 61. Rxa5 Nc3 62. Ra3 Kc5 63. Rxb3 Kc4 64. Rb8 {The first
55 moves are correct, and I am guessing the last 9. Also, I know the position
after 62.Ra3 is correct, but not 100% if it came about that way. Later in the
game, white had a rook on h8, King on d4, and black had a King on d7, Knight
on g6, and Pawn was still on c6. Here white played Bxc6+ (If Kxc6, then Rh6
wins the knight). So I played Kc7, then he played Rh6 attacking my Knight on
g6, and I played Ne7. Now Be4 wins immediately, but he blundered (with about 2
min left) and played Bb5?? which allowed Nf5+! winning his rook (Kd4, Rh6) and
I had about 30 seconds left at the end. So I luckily drew about 15 moves after
this position. :)} 1/2-1/2

[Event "Michigan Class D/E"]
[Site "Auburn Hills, MI"]
[Date "2003.04.27"]
[Round "5.5"]
[White "Crist, Kevin"]
[Black "Hodge, Larry"]
[Result "1/2-1/2"]
[WhiteElo "1185"]
[BlackElo "1320"]
[PlyCount "106"]
[EventDate "2003.04.26"]

1. d4 d5 2. Nf3 Nc6 3. c4 Nf6 4. Nc3 e6 5. e3 Bb4 6. Bd2 O-O 7. a3 Be7 8. Be2
a6 9. O-O Re8 10. Qc2 dxc4 11. Bxc4 b5 12. Bd3 h6 13. Ne5 Nxe5 14. dxe5 Nd5 15.
Bh7+ Kh8 16. Be4 c6 17. Rad1 Bb7 18. Ne2 Qc7 19. f4 f5 20. Bf3 Qb6 21. Bxd5
cxd5 22. Nd4 Rac8 23. Qd3 Rc7 24. Bc3 Bc5 25. Qd2 Rf7 26. Rf3 Bc8 27. b4 Bxd4
28. Qxd4 Qxd4 29. Bxd4 Rc7 30. Bc5 Bb7 31. Rg3 Kh7 32. h4 h5 33. Kf2 Rd7 34.
Rd4 Rdd8 35. Rg5 g6 36. Rd2 Ra8 37. Rb2 Bc6 38. Bb6 Rec8 39. Rc2 Be8 40. Rxc8
Rxc8 41. Bc5 a5 42. Rg3 axb4 43. axb4 Ra8 44. Rh3 Ra2+ 45. Kg3 Bc6 46. Rh2 Ra3
47. Rh1 Ra2 48. Rg1 Kg7 49. Bd4 Ra6 50. Rc1 Kh7 51. Kf3 Kg7 52. Rc2 Kh7 53. g3
Kg7 1/2-1/2

[Event "Michigan Class D/E"]
[Site "Auburn Hills, MI"]
[Date "2003.04.27"]
[Round "5.4"]
[White "Crane, John"]
[Black "Biondo, Albert"]
[Result "0-1"]
[WhiteElo "1246"]
[BlackElo "1332"]
[PlyCount "64"]
[EventDate "2003.04.26"]

1. d4 Nf6 2. Nf3 g6 3. e3 Bg7 4. Bd3 O-O 5. O-O d6 6. c3 c5 7. Nbd2 Nc6 8. Re1
Bg4 9. h3 Bd7 10. Qe2 Qc8 11. Qf1 cxd4 12. Nxd4 Ne5 13. Be2 a6 14. N2f3 Ne4 15.
Nxe5 Bxe5 16. c4 b5 17. Bf3 f5 18. Bxe4 fxe4 19. b3 Qc7 20. Bb2 Rf6 21. Qe2
Raf8 22. Rf1 Qc8 23. g4 Qc7 24. f4 exf3 25. Nxf3 Bxb2 26. Qxb2 Rxf3 27. Rxf3
Rxf3 28. Rf1 Rg3+ 29. Kf2 Rxh3 30. Ke1 Bxg4 31. Rf8+ Kxf8 32. Qh8+ Kf7 0-1

[Event "Michigan Class D/E"]
[Site "Auburn Hills, MI"]
[Date "2003.04.27"]
[Round "5.9"]
[White "Cohle, Steve"]
[Black "Poniatowski, Don"]
[Result "1/2-1/2"]
[WhiteElo "1010"]
[BlackElo "1298"]
[PlyCount "107"]
[EventDate "2003.04.26"]

1. d4 Nf6 2. c4 g6 3. Nf3 Bg7 4. Bg5 O-O 5. e3 d6 6. Bd3 Nbd7 7. O-O e5 8. Nc3
c6 9. d5 h6 10. Bh4 Nc5 11. Bc2 Qc7 12. b4 Ncd7 13. Rb1 cxd5 14. Nxd5 Nxd5 15.
Qxd5 Qc6 16. Rfd1 g5 17. Bxg5 Qxd5 18. Rxd5 hxg5 19. Nxg5 Nf6 20. Rxd6 Bd7 21.
Ne4 Nxe4 22. Rxd7 Nf6 23. Rxb7 Rfd8 24. Bb3 Rdb8 25. Rxb8+ Rxb8 26. a3 Rd8 27.
c5 Ne8 28. e4 Nc7 29. f3 Bf8 30. g4 a6 31. h4 Rd3 32. Kg2 Be7 33. h5 Kg7 34.
Kf2 f6 35. Ke2 Rd4 36. Ke3 Rd8 37. Rc1 Nb5 38. a4 Nd4 39. Bd5 Rc8 40. Rc4 Rc7
41. c6 Bxb4 42. Rxb4 Nc2+ 43. Kd3 Nxb4+ 44. Kc4 Nxc6 45. Kc5 Nd4+ 46. Kb6 Rc3
47. Kxa6 Rxf3 48. a5 Rf2 49. Ka7 Rb2 50. a6 Nb5+ 51. Ka8 Nc7+ 52. Ka7 Rb4 53.
Bb7 Rb2 54. Bc6 1/2-1/2

[Event "Michigan Class C"]
[Site "Auburn Hills, MI"]
[Date "2003.04.27"]
[Round "4.5"]
[White "Choate, Eric"]
[Black "Saylor, Oliver"]
[Result "1-0"]
[WhiteElo "1516"]
[BlackElo "1427"]
[PlyCount "43"]
[EventDate "2003.04.26"]

1. e4 c5 2. Nf3 d6 3. Bb5+ Bd7 4. Bxd7+ Nxd7 5. d3 Ngf6 6. O-O g6 7. Re1 Bg7 8.
c3 O-O 9. Bf4 Qb6 10. Qd2 Nh5 11. Be3 Ne5 12. Nxe5 Bxe5 13. Na3 Qc6 14. Nc4 Bg7
15. Bh6 e6 16. Bxg7 Kxg7 17. e5 dxe5 18. Nxe5 Qd5 19. Ng4 Qf5 20. h3 Qf4 21.
Qe2 Rad8 22. Rad1 {Remainder illegible, 30?} 1-0

[Event "Michigan Class B"]
[Site "Auburn Hills, MI"]
[Date "2003.04.27"]
[Round "4.3"]
[White "Burris, David"]
[Black "Van Eerd, Bart"]
[Result "1/2-1/2"]
[WhiteElo "1759"]
[BlackElo "1796"]
[PlyCount "96"]
[EventDate "2003.04.26"]

1. f4 d5 2. Nf3 Nf6 3. e3 Nc6 4. Bb5 Bd7 5. b3 e6 6. Bb2 Bd6 7. O-O a6 8. Bxc6
Bxc6 9. Ne5 Bxe5 10. fxe5 Nd7 11. Qf3 Qe7 12. d4 Nf8 13. Ba3 Qd7 14. Nd2 Ng6
15. Rf2 Nh4 16. Qf4 Nf5 17. g4 Nh6 18. Nf1 Rg8 19. Ng3 g5 20. Qf3 O-O-O 21. Nh5
Rg6 22. Nf6 Rxf6 23. exf6 e5 24. h3 Kb8 25. Be7 Re8 26. Qg3 e4 27. Raf1 Bb5 28.
Rd1 Ng8 29. Bc5 Re6 30. a4 Bc6 31. Rdf1 b5 32. a5 b4 33. Rf5 h6 34. Bxb4 Bb5
35. R1f2 Qc6 36. c3 Nxf6 37. Re5 Nd7 38. Rxe6 Qxe6 39. Rf5 Be2 40. Rf2 Bf3 41.
Kh2 Qc6 42. Rxf3 exf3 43. Qxf3 Qe6 44. Qf5 Qxe3 45. Qxd7 Qf2+ 46. Kh1 Qf3+ 47.
Kh2 Qf2+ 48. Kh1 Qf3+ 1/2-1/2

[Event "Michigan Class D/E"]
[Site "Auburn Hills, MI"]
[Date "2003.04.27"]
[Round "4.7"]
[White "Budzenski, Jonathan"]
[Black "Cohle, Stephen"]
[Result "1-0"]
[WhiteElo "1231"]
[BlackElo "1010"]
[PlyCount "52"]
[EventDate "2003.04.26"]

1. e4 e5 2. Nf3 Nc6 3. d4 d6 4. d5 Nce7 5. Nc3 Nf6 6. Be2 c6 7. O-O g6 8. Bg5
Bg7 9. Qd2 O-O 10. Rad1 b5 11. dxc6 Ne8 12. Bxb5 Qc7 13. Bxe7 Qxe7 14. Nd5 Qd8
15. b3 Be6 16. Rfe1 Nc7 17. Nxc7 Qxc7 18. Qxd6 Qb6 19. Be2 Rad8 20. Qa3 Qxc6
21. Bd3 Qb6 22. Qa6 Qc7 23. Bc4 Bg4 24. Be2 Rde8 25. Qc4 Qe7 26. Qd3 f5 {
Remainder illegible, 58?} 1-0

[Event "Michigan Class C"]
[Site "Auburn Hills, MI"]
[Date "2003.04.27"]
[Round "4.2"]
[White "Brooks, Randall"]
[Black "Grzegorczyk, Ron"]
[Result "0-1"]
[WhiteElo "1507"]
[BlackElo "1590"]
[PlyCount "98"]
[EventDate "2003.04.26"]

1. e4 c5 2. Nf3 Nc6 3. d4 cxd4 4. Nxd4 e6 5. Nc3 d6 6. Bc4 Nf6 7. Bg5 Be7 8. f4
O-O 9. Qd2 a6 10. Nxc6 bxc6 11. O-O-O d5 12. exd5 cxd5 13. Bb3 a5 14. a3 h6 15.
Bh4 Bd7 16. Qd4 Qc7 17. a4 Bc5 18. Qd3 Qxf4+ 19. Kb1 Qxh4 20. g3 Qb4 21. Rhf1
Be7 22. Ba2 Bxa4 23. Rf4 Ne4 24. Nxe4 dxe4 25. Rxe4 Rfd8 26. Rxb4 Rxd3 27. Rxd3
axb4 28. b3 Bc6 29. Rd4 Rd8 30. Rxd8+ Bxd8 31. Kc1 Bf6 32. c4 bxc3 33. b4 Kf8
34. Kc2 Ke7 35. Kd3 Kd6 36. Bb1 Kc7 37. Bc2 Kb6 38. Kc4 Bd5+ 39. Kd3 Kb5 40. h4
Kxb4 41. h5 Ka3 42. g4 Kb2 43. Ba4 Bb3 44. Bxb3 Kxb3 45. g5 Bxg5 46. Ke2 c2 47.
Kd3 c1=Q 48. Ke4 Qd1 49. Ke5 Qd5# 0-1

[Event "Michigan Class B"]
[Site "Auburn Hills, MI"]
[Date "2003.04.27"]
[Round "4.1"]
[White "Biondo, Anthony"]
[Black "Fick II, Douglas"]
[Result "1/2-1/2"]
[WhiteElo "1786"]
[BlackElo "1649"]
[PlyCount "88"]
[EventDate "2003.04.26"]

1. e4 c6 2. Nc3 d5 3. exd5 cxd5 4. Nf3 Nf6 5. Be2 Nc6 6. d4 Bf5 7. Nh4 Bg6 8.
Nxg6 hxg6 9. O-O Qc7 10. h3 a6 11. Bg5 e6 12. Re1 Qb6 13. Bf3 Be7 14. Ne2 Qxb2
15. Rb1 Qxa2 16. Rxb7 Qa5 17. c4 Ra7 18. Bd2 Qd8 19. Rxa7 Nxa7 20. Qa4+ Nd7 21.
Qxa6 Qb6 22. Ra1 Qxa6 23. Rxa6 Nc8 24. c5 O-O 25. Nc3 Nb8 26. Ra4 Nc6 27. Be2
Bf6 28. Be3 N8e7 29. g4 e5 30. g5 exd4 31. gxf6 Nf5 32. Bb5 Rc8 33. Bxc6 dxe3
34. Bxd5 Rxc5 35. Rc4 Rxc4 36. Bxc4 exf2+ 37. Kxf2 gxf6 38. Ne4 Kg7 39. Kf3 Nh6
40. Nd6 Kf8 41. Ke4 Ke7 42. Kd5 Nf5 43. Nc8+ Kd8 44. Nb6 Ke7 1/2-1/2

[Event "Michigan Class D/E"]
[Site "Auburn Hills, MI"]
[Date "2003.04.27"]
[Round "4.5"]
[White "Biondo, Albert"]
[Black "Aguilar, Javier"]
[Result "1/2-1/2"]
[WhiteElo "1332"]
[BlackElo "1292"]
[PlyCount "67"]
[EventDate "2003.04.26"]

1. e4 c6 2. Nf3 d5 3. exd5 cxd5 4. Nc3 Nf6 5. Bb5+ Bd7 6. Bxd7+ Nbxd7 7. O-O e6
8. d3 Bb4 9. Bd2 O-O 10. a3 Ba5 11. b4 Bc7 12. Re1 Rc8 13. Nb5 a6 14. Nxc7 Rxc7
15. Ne5 Nxe5 16. Rxe5 Qd6 17. Rg5 Rfc8 18. Qf3 e5 19. c3 e4 20. dxe4 dxe4 21.
Qe3 Qd3 22. Rxg7+ Kxg7 23. Qh6+ Kg8 24. Rd1 e3 25. fxe3 Qg6 26. Qf4 Ne4 27. Be1
Rc4 28. Qe5 Nxc3 29. Rd6 Qg7 30. Qe7 Qf8 31. Qg5+ Qg7 32. Rd8+ Rxd8 33. Qxd8+
Qf8 34. Qg5+ 1/2-1/2

[Event "Michigan Class C"]
[Site "Auburn Hills, MI"]
[Date "2003.04.27"]
[Round "5.6"]
[White "Almasy, Roy"]
[Black "Holden, Anthony"]
[Result "1-0"]
[WhiteElo "1429"]
[BlackElo "1500"]
[PlyCount "145"]
[EventDate "2003.04.26"]

1. e4 c5 2. Nf3 e5 3. Bc4 Nc6 4. d3 d6 5. Ng5 Nh6 6. O-O Be7 7. Qh5 Bg4 8.
Bxf7+ Kd7 9. Qh4 Nd4 10. Nc3 Be2 11. Re1 Nxf7 12. Nxf7 Bxh4 13. Nxd8 Raxd8 14.
Rxe2 Nxe2+ 15. Nxe2 Be7 16. Nc3 Rdf8 17. Nd5 Bd8 18. Be3 h5 19. Rf1 g5 20. c3
h4 21. d4 exd4 22. cxd4 c4 23. f3 Rh7 24. Rd1 Rhf7 25. h3 b5 26. e5 Ke6 27. Nc3
a6 28. exd6 b4 29. Ne4 Rf5 30. Nc5+ Kxd6 31. Nxa6 Ba5 32. Nc5 Bd8 33. Ne4+ Kc6
34. Rc1 c3 35. bxc3 bxc3 36. Rxc3+ Kd7 37. Nc5+ Ke7 38. Rd3 R8f6 39. Ne4 Rg6
40. d5 Bb6 41. d6+ Rxd6 42. Nxd6 Bxe3+ 43. Kf1 Rc5 44. Nf5+ Rxf5 45. Rxe3+ Kd6
46. Re1 Ra5 47. Ra1 Ke5 48. a4 Kf4 49. Kf2 Kf5 50. Ke3 Re5+ 51. Kd4 Re2 52. a5
Rxg2 53. a6 Rd2+ 54. Ke3 Rd8 55. Ra5+ Kf6 56. a7 Ra8 57. f4 gxf4+ 58. Kxf4 Ke6
59. Kg4 Kd6 60. Kxh4 Kc6 61. Kg5 Kb6 62. Ra3 Kb7 63. Rb3+ Kc6 64. Ra3 Kb7 65.
h4 Rg8+ 66. Kh6 Ka8 67. h5 Rg4 68. Ra5 Rg2 69. Kh7 Rg4 70. h6 Rg2 71. Ra6 Rg3
72. Rg6 Rh3 73. Kg7 1-0

[Event "Michigan Class C"]
[Site "Auburn Hills, MI"]
[Date "2003.04.27"]
[Round "4.3"]
[White "Aldrich, Justin"]
[Black "Haney, Mark"]
[Result "1-0"]
[WhiteElo "1558"]
[BlackElo "1514"]
[PlyCount "89"]
[EventDate "2003.04.26"]

1. e4 e5 2. Nf3 Nc6 3. Bc4 Bc5 4. O-O Nf6 5. Nc3 O-O 6. a3 d6 7. h3 Be6 8. Bxe6
fxe6 9. d3 a6 10. Ne2 Qe8 11. Be3 Ba7 12. Bxa7 Rxa7 13. c3 Nh5 14. d4 Qg6 15.
Qd3 exd4 16. cxd4 d5 17. Ne5 Nxe5 18. dxe5 b6 19. Qe3 c5 20. exd5 exd5 21. Rad1
d4 22. Qb3+ Kh8 23. e6 b5 24. Qd5 Qf5 25. Qd6 Re8 26. Ng3 Qxe6 27. Qxe6 Rxe6
28. Nxh5 Rae7 29. Nf4 Re4 30. Nd3 Rc7 31. Rfe1 Rxe1+ 32. Rxe1 h6 33. Kf1 c4 34.
Nf4 d3 35. Re8+ Kh7 36. Ke1 a5 37. Re5 Rf7 38. Nd5 Rd7 39. Ne3 Rb7 40. Kd2 g6
41. Nd1 Kg7 42. a4 bxa4 43. Rxa5 Re7 44. Nc3 Rf7 45. f3 1-0

[Event "Michigan Class A"]
[Site "Auburn Hills, MI"]
[Date "2003.04.27"]
[Round "5.4"]
[White "Aldrich, Jeff"]
[Black "Zubatch, Steve"]
[Result "1-0"]
[WhiteElo "1915"]
[BlackElo "1821"]
[Annotator "Tim McGrew"]
[PlyCount "34"]
[EventDate "2003.04.26"]

{King's Indian: Orthodox} 1. d4 Nf6 2. c4 g6 3. Nc3 Bg7 4. e4 d6 5. f3 O-O 6.
Be3 {One can imagine Tarrasch settling back in his chair, fixing his opponent
with a contemptuous eye, and proclaiming, "I have NEVER before had such a WON
position after six moves!" Today, of course, we know that this is not true,
that the King's Indian is a very dynamic opening and that White's extra space
means more territory to defend. Even so, I confess that a little thrill runs
down my spine when I see all of those pawns rolling forward.} Nbd7 7. Nh3 e5 8.
d5 {White scores very well from this position in practice. Black's king-side
attack is really geared for use against a position where White castles
king-side; if White refrains, Black's king can be the one who finds himself on
the hot seat.} Ne8 9. Qd2 a5 10. Nf2 f5 11. g3 fxe4 12. fxe4 Nef6 13. Be2 (13.
Bh3 $5 {has its points, preparing to exchange White's worst minor piece for a
decent one of Black's.}) 13... Nc5 14. g4 $1 {Surprisingly strong. The knight
on f2 enables White to set a pawn storm in motion right away.} Kh8 15. h4 {
White's attack on the king-side is unfolding nicely, while Black has not
really got his own counterplay off the ground.} Qe8 16. h5 Ng8 17. g5 $1 (17.
g5 -- {Threatening, among other things, to bury Black's bishop alive with} 18.
h6) 17... gxh5 {Black, disgusted, threw in the towel.} (17... gxh5 18. Bxh5 Qd8
19. Bg6 h6 20. gxh6 Bf6 21. O-O-O {leaves Black with nothing to live for.}) 1-0

[Event "Michigan Class D/E"]
[Site "Auburn Hills, MI"]
[Date "2003.04.27"]
[Round "5.6"]
[White "Aguilar, Javier"]
[Black "Budzenski, Jonathan"]
[Result "0-1"]
[WhiteElo "1292"]
[BlackElo "1231"]
[PlyCount "36"]
[EventDate "2003.04.26"]

1. d4 Nf6 2. c4 e6 3. Nf3 d5 4. Bg5 Nbd7 5. Nc3 Bb4 6. Bxf6 Bxc3+ 7. bxc3 Nxf6
8. cxd5 exd5 9. e3 Bg4 10. Be2 O-O 11. O-O Re8 12. Ne5 Bxe2 13. Qxe2 Nd7 14.
Nxd7 Qxd7 15. Rfc1 b5 16. Rab1 a6 17. Rb4 Reb8 18. Rcb1 c6 {Remainder
illegible, 59?} 0-1

[Event "4th Kalamazoo Scholastic U13"]
[Site "Kalamazoo, MI"]
[Date "2003.05.03"]
[Round "2"]
[White "Tyle, Sheel"]
[Black "Johnson, David"]
[Result "1-0"]
[WhiteElo "809"]
[BlackElo "702"]
[Annotator "Marshall Johnson"]
[PlyCount "27"]
[EventDate "2003.05.03"]

1. e4 c5 2. Nf3 d6 3. Bc4 Nf6 $6 (3... Nc6 $1) 4. e5 dxe5 5. Nxe5 e6 $1 6. d3
Qd4 $6 {This get's Blk. in trouble.} 7. Nf3 Qd6 8. Nc3 Nbd7 9. g3 Nb6 10. Nb5
Qc6 11. Bf4 Nfd5 $2 {This gets the Blk. Q trapped, forcing Blk. to sac a N to
free her --better would have been:} (11... Nbd5 $1 {Then if:} 12. Ne5 $6 Qb6 $1
$11) 12. Ne5 $1 $18 {+2.91} Ne3 $5 {A good try -- Fritz likes:} (12... Nxc4 13.
Nxc6 Nxb2 14. Qg4 e5 15. Nd6+ Bxd6 16. Qxg7 Rf8 17. Bxe5 $18 {+5.22}) 13. Nxc6
Nxd1 14. Nc7+ {Wht. resigns. Black Resigns} 1-0

[Event "4th Kalamazoo Scholastic U13"]
[Site "Kalamazoo, MI"]
[Date "2003.05.03"]
[Round "4"]
[White "McGrew, Bethel"]
[Black "Johnson, David"]
[Result "1-0"]
[WhiteElo "1147"]
[BlackElo "702"]
[Annotator "Marshall Johnson"]
[PlyCount "127"]
[EventDate "2003.05.03"]

1. d4 Nf6 2. Nc3 g6 3. e4 d6 4. Nf3 Bg7 5. Bc4 Nc6 6. O-O O-O 7. Bf4 Bg4 8. Be3
$2 e5 $2 (8... Nxe4 $1 9. Nxe4 d5 $15 {-.69}) 9. d5 Na5 10. Bd3 c6 11. h3 Bxf3
$6 (11... Bd7 $1 $11) 12. Qxf3 cxd5 $1 13. exd5 e4 $2 {Blk. fails to simply
calculate attackers vs. defenders on the e4 sq.} 14. Bxe4 Nxe4 15. Qxe4 Re8 16.
Qd3 Qc7 17. Rad1 Qc4 $2 (17... Nc4 $1 18. Nb5 Qc8 19. Qb3 a6 $14) 18. Qxc4 $2
Nxc4 $14 19. Rfe1 $4 Nxb2 $1 20. Nb5 $1 {Not:} (20. Rb1 $2 Bxc3 $1 $19 {-3.50})
20... Nxd1 21. Rxd1 Rac8 $4 {Blk. had a won game, but missed the simple N fork
@ d6. Blk. had several nice continuations:} (21... Bf8 $1 22. Nc7 Rxe3 $3 23.
fxe3 Rc8 $19 {-1.53}) (21... Re7 22. Nxd6 Rd7 23. Ne4 b6 $17 {-1.13}) (21...
Rec8 22. Nxd6 Rxc2 23. Nxb7 Rb8 $17 {-.78}) (21... Red8 22. Bxa7 Rdc8 23. c3
Be5 $17 {-.94}) 22. Nxd6 Rxe3 $3 23. Nxc8 $3 Rc3 24. Nd6 Rxc2 25. Nxb7 Rxa2 $2
{Blk. fails to see the danger of the passed d-pawn. A key point he missed was
the N @ b7's control of the Q'ing sq. Better was:} (25... Rb2 26. Nc5 Rc2 27.
Nb3 Rxa2 $16 {+.81}) 26. d6 Ra1 $5 27. Rxa1 Bxa1 28. d7 Bf6 29. d8=Q+ Bxd8 30.
Nxd8 a5 31. Nc6 a4 32. Nb4 Kf8 33. Kf1 Ke7 34. Ke2 Kd6 35. Kd3 Kc5 36. Kc3 a3
$2 {Making it easier for Wht's K. Better would be:} (36... f5 37. Na2 f4 38. h4
h6 39. Nc1 g5 40. h5 Kd5 41. f3 a3 42. Nd3 a2 43. Nb4+ Ke5 44. Nxa2 Kf5 45. Kd4
g4 46. Nc3 gxf3 47. gxf3 Kg5 48. Ne2 Kxh5 49. Nxf4+ Kg5 50. Ke5 h5 51. Nh3+ Kh4
52. f4 Kxh3 53. f5 h4 54. f6 Kg2 55. f7 h3 56. f8=Q h2 57. Qg8+ Kf1 58. Qd5 Kg1
59. Qd1+ Kg2 60. Kf4 h1=Q 61. Qe2+ Kg1 62. Kg3 {Mate in 2}) 37. Na2 f5 38. Kd3
Kb5 39. h4 Ka4 $2 (39... h6 40. Kc3 g5 41. h5 f4 42. Kb3 Kc5 43. Kxa3 Kd4 44.
Kb4 Kd3 45. Nc3 {Not:} (45. Nc1+ $2 Kd2 46. Nb3+ Ke2 47. f3 Kf2 48. Nd4 Kxg2
49. Nf5 Kxf3 50. Nxh6 g4 51. Nf5 g3 52. h6 g2 53. Nh4+ Kg3 54. Nxg2 Kxg2 55. h7
f3 56. h8=Q f2 57. Qg8+ Kh2 58. Qc4 Kg2 59. Qg4+ Kh1 60. Qe4+ Kg1 61. Qg4+ Kh1
62. Qe4+ Kg1 63. Qg4+ Kh1 64. Qe4+ Kg1 65. Qg4+ {Draw!!})) 40. Kc4 h6 41. g3 g5
42. hxg5 hxg5 43. f4 g4 $2 (43... gxf4 $1 44. Nc3+ Ka5 45. gxf4 Kb6 46. Kb4 Kc6
47. Kxa3 Kc5 48. Kb3 Kd4 49. Kb4 Ke3 50. Nd5+ Kd4 $1 ({Not:} 50... Ke4 $2 51.
Kc4 Kf3 52. Kd4 Kg4 53. Ke5) 51. Nc7 Ke4 52. Ne6 Kd5 53. Ng5 Kd4 54. Kb3 Ke3
55. Ne6 Kd3 56. Kb4 Kd2 57. Kc4 Ke3 58. Kd5 Kf3 59. Ke5 Kg4 $18 {+11.94 And
Blk's valiant try falls a bit short.}) 44. Nc3+ Ka5 45. Kb3 a2 46. Nxa2 Kb5 47.
Kc3 Kc5 48. Kd3 Kd5 49. Nb4+ Ke6 50. Kc4 Kf6 51. Kd5 Kg6 52. Ke6 Kh5 53. Kxf5
Kh6 54. Kxg4 Kg6 55. Nd5 Kg7 56. Kg5 Kh7 57. f5 Kg8 58. Kf6 Kf8 59. g4 Kg8 60.
Ke7 Kg7 61. f6+ Kh8 62. f7 Kh7 63. f8=Q Kg6 64. Qf6+ {1-0} 1-0

[Event "4th Kalamazoo Scholastic U13"]
[Site "Kalamazoo, MI"]
[Date "2003.05.03"]
[Round "3"]
[White "Johnson, David"]
[Black "Smargiasso, Victor"]
[Result "1-0"]
[WhiteElo "702"]
[BlackElo "423"]
[Annotator "Marshall Johnson"]
[PlyCount "129"]
[EventDate "2003.05.03"]

1. Nf3 d5 2. g3 Bg4 3. Bg2 Bxf3 4. Bxf3 Nc6 5. O-O {Better is:} (5. c4 $1 dxc4
6. Qa4 $14) 5... e5 6. d3 Bc5 7. Nd2 Nf6 8. Nb3 b6 9. Nxc5 bxc5 10. c4 e4 11.
dxe4 dxe4 12. Qxd8+ $6 (12. Qa4 $1 Qd7 13. Rd1 $18) 12... Rxd8 13. Bg2 O-O 14.
Bg5 Nb4 15. Bxe4 $2 Nxe4 16. Bxd8 Rxd8 17. Rfd1 Rxd1+ 18. Rxd1 Nc6 19. f3 $2 {
Much better is:} (19. Rd7 $1 h6 20. Rxc7 $16 {+.81}) 19... Nd6 20. e4 $2 {
Allows Blk. to post a N @ d4 blocking Wht's only open file.} Nxc4 21. b3 Nb2 $4
22. Rd2 $1 c4 23. Rxb2 c3 24. Rc2 $2 Ne5 $4 (24... Nd4 $1 {And Wht. has
nothing better than to sac his R for the c-pawn:} 25. Rxc3 Ne2+ 26. Kf2 Nxc3
$19 {-1.72}) 25. Rxc3 $18 {+ 3.84 And Wht. is in control} g6 26. f4 Ng4 27. h3
$2 (27. Rxc7 $1 a5 28. Ra7 h5 29. Rxa5 $18 {+5.15}) 27... Nf6 28. e5 Ne8 29. g4
f5 30. gxf5 gxf5 31. Rg3+ Ng7 32. h4 h5 33. e6 Kf8 34. e7+ Kf7 35. a4 $4 (35.
Rxg7+ $3 Kxg7 $2 36. e8=Q $1) 35... Ne8 36. Rg5 Nf6 37. Rxf5 Kxe7 38. Re5+ Kd6
39. b4 $2 a6 40. Rf5 Nd5 41. Rxh5 Nxf4 42. Rh6+ Kd7 43. Rxa6 Nd5 44. Ra5 Nxb4
45. h5 Nc6 46. Rd5+ $2 Kc8 $4 47. h6 Ne7 48. h7 Ng6 49. Rg5 Nh8 50. Rg8+ Kd7
51. Rxh8 c5 52. Rf8 Ke7 53. h8=Q Kd6 54. Qh5 Kc6 55. Rd8 Kc7 56. Qxc5+ $4 Kxd8
57. Qa7 Kc8 58. Qe7 Kb8 59. Qd7 Ka8 60. Kf2 Kb8 61. Ke3 Ka8 62. Kd4 Kb8 63. Kc5
Ka8 64. Kb6 Kb8 65. Qb7# 1-0

[Event "Flint May Tuesday Night Swiss"]
[Site "Flint, MI"]
[Date "2003.05.06"]
[Round "1"]
[White "Poniatowski, Don"]
[Black "Laurin, Edward"]
[Result "0-1"]
[WhiteElo "1290"]
[BlackElo "1832"]
[Annotator "Edward Laurin"]
[PlyCount "94"]
[EventDate "2003.05.06"]

1. e4 d5 2. exd5 Nf6 3. d4 Nxd5 4. Nf3 Bg4 5. Be2 e6 6. h3 Bh5 7. O-O Bd6 {
This gives up Black's developed knight for White's undeveloped bishop,
probably isn't best.} 8. c4 Nf4 9. Bxf4 Bxf4 10. Ne5 $6 {This drops a pawn,
but White gets a nice initiative.} Bxe2 11. Qxe2 Qxd4 12. Nf3 Qf6 13. Nc3 O-O
14. Rad1 Nc6 15. Rd7 Ne5 (15... Rad8 {gets control of the open file, giving
Black better chances.}) 16. Nxe5 Qxe5 17. Rfd1 (17. Qf3 {gives White more
attacking chances.}) 17... Qxe2 18. Nxe2 Bd6 19. c5 $1 Bxc5 20. Rxc7 b6 21.
Rdd7 h6 ({This gives White drawing chances,} 21... a5 {followed later by ...h6
would be best.}) 22. Rxa7 $2 {This gives k an advantage, best was to keep the
rooks on the seventh and bring the knight into the game.} Rxa7 23. Rxa7 Rd8 24.
Ra4 {Ng3-f1 or Nc3 was necessary.} Rd1+ 25. Kh2 Rd2 26. Re4 Rxb2 $2 (26... f5
$1 {wins material after} 27. Rxe6 Kf7 {and the rook has no where to go that
protects the knight.}) 27. f4 Rxa2 28. Nc3 Rd2 29. Nb5 Rb2 30. Nc3 Rb4 31. Rxb4
Bxb4 32. Nb5 Kf8 33. Kg3 Ke7 34. Kf3 Kd7 35. g4 Kc6 36. Nd4+ Kd5 37. Nc2 Bc5
38. h4 b5 39. h5 b4 40. Na1 Kc4 41. g5 b3 42. Nxb3 Kxb3 43. Ke4 Kc4 44. gxh6
gxh6 45. f5 exf5+ 46. Kxf5 Be7 47. Ke5 Kc5 0-1

[Event "GCCC May Action Quads.3"]
[Site "Flint, MI"]
[Date "2003.05.07"]
[Round "1.1"]
[White "Wingett, Tony"]
[Black "Sanborn, Zac"]
[Result "1-0"]
[WhiteElo "607"]
[BlackElo "533"]
[PlyCount "65"]
[EventDate "2003.05.07"]

1. d4 d5 2. c4 Nf6 3. Nc3 e6 4. Bg5 Bb4 5. Nf3 Bxc3+ 6. bxc3 O-O 7. cxd5 exd5
8. e3 Bg4 9. Be2 c5 10. O-O c4 11. Ne5 Bxe2 12. Qxe2 Nc6 13. Ng4 Qd7 14. Bxf6
gxf6 15. Nxf6+ Kg7 16. Nxd7 Rfd8 17. Qg4+ Kh8 18. Nf6 Ne7 19. Qh4 Kg7 20. Nxh7
Rh8 21. Qxe7 Rxh7 22. Qxb7 Rah8 23. h3 Kf6 24. Qxd5 Rh5 25. Qxc4 Kf5 26. Rab1
Ke4 27. d5+ Ke5 28. Rb5 Rh4 29. d6+ Kxd6 30. Rd1+ Ke7 31. Rb7+ Kf6 32. Qxf7+
Ke5 33. Re7# 1-0